Carregant...

Madhana Kamarajan kadha /

Dades bibliogràfiques
Autor principal: Govinda Pillai, K .
Format: Printed Book
Idioma:Malayalam
Publicat: Quilon : Sree Rama Vilasam Press & Book Depot.
LEADER 00506cam a2200145ua 4500
041 |a mal 
082 |a 891.812308  |b GOV/MA 
100 |a Govinda Pillai, K . 
245 |a Madhana Kamarajan kadha /   |c K Govinda Pillai.  |h Textual Documents 
260 |a Quilon :   |b Sree Rama Vilasam Press & Book Depot. 
300 |a 121 ; . 
541 |e 1788  
942 |c BK 
999 |c 33245  |d 33245 
952 |0 0  |1 0  |4 0  |6 891_812308000000000  |7 0  |9 43709  |a KAUAET  |b KAUAET  |d 2012-04-07  |m 0  |o 891.812308  |p KAU_KCAET-1788   |r 2012-04-07  |w 2012-04-07  |y BK